000 00447nam a2200157 a 4500
005 20140412111257.0
008 020530s19uu xx 00 eng d
020 _a0-590-35590-2
050 _aTR(GS 372.4
_bW158 1990
100 _aWalling, Elaine
245 _aReading for information C /
_cElaine Walling.
260 _aNew York :
_bScholastic Inc,
_c1990.
300 _a32 p. ; ill.
650 _aReading
_xStudy and teaching
999 _c103248
_d103248